期刊信息 |
| 索取号 |
G4/JORIST
|
| 题名 |
Journal of Research in Science Teaching
|
| 作者 |
Ron Good
|
| 分册号 |
|
| 分册名 |
|
| 出版地 |
NEW YORK
|
| 出版者 |
JOHN WILEY AND SONS,INC.
|
| 标准刊号 |
0022-4308
|
| 出版频率 |
月刊
|
| 中图法分类 |
G4
|
| 主题词 |
教育
|
| 电子资源 | |
| |
|
| 000 | 00588nas0 2200193 45 | |
| 001 | 0761413709 | |
| 005 | 20131118103124.98 | |
| 011 | @a0022-4308 | |
| 100 | @a20070415d km y0chiy0120 ea | |
| 101 | 0 | @aeng |
| 200 | 1 | @aJournal of Research in Science Teaching@fRon Good |
| 207 | @aThe Journal of Research in Science Teaching is published monthly except June and July,one volume of ten issues per year. | |
| 210 | @aNEW YORK@cJOHN WILEY AND SONS,INC. | |
| 326 | @a月刊 | |
| 606 | 0 | @a教育 |
| 690 | @aG4@v4 | |
| 701 | 0 | @aRon Good |
| 801 | 0 | @aCN@bPFT@c20070416 |
| 905 | @aTJWY@dG4@eJORIST | |
| Journal of Research in Science Teaching/Ron Good.-The Journal of Research in Science Teaching is published monthly except June and July,one volume of ten issues per year.-NEW YORK:JOHN WILEY AND SONS,INC. |
| ISSN 0022-4308 |
| ● |
| 相关链接: |
|
|
|
|